000 00673cam a2200205 4500
001 D15107
008 090401t1984 xxu||||| |||| 00| 0 eng d
035 _a(Sirsi) u20286
041 _aeng
050 _a346.41043
110 _aRoyal Institution of Chartered Surveyors
_94900
245 _aBlundell memorial lectures [1984]. Current problems in property law / under the auspices of the Senate of the Inns of Court and the Bar and the Royal Institution of Chartered Surveyors
260 _aLondon
_bSurveyors Publications
_c1984
300 _a203p. 29cm
350 _a0
520 _aCover title
942 _n0
948 _c04/03/1997
999 _c87789
_d87789
490 _aBlundell Lectures